| 000 | 00632nam a2200217Ia 4500 | ||
|---|---|---|---|
| 003 | OSt | ||
| 005 | 20240925102552.0 | ||
| 008 | 220927b |||||||| |||| 00| 0 eng d | ||
| 020 | _a1857432886 | ||
| 037 | _cReference Collections | ||
| 040 |
_aSDCL _cSDCL _beng |
||
| 041 |
_2eng _aeng |
||
| 082 | _aT4n1,N50 P5.2 RR | ||
| 245 | 0 | _aWORLD OF learning 2005. | |
| 250 | _a55th | ||
| 260 |
_aLondon : _bEuropa Publications, _c2005. |
||
| 300 | _axii,1299-2541p. | ||
| 490 | _vVolume 2: Countries: Oman-Zimbabwe index. | ||
| 942 |
_hT4n1,N50 P5.2 RR _cREF _2CC |
||
| 999 |
_c762118 _d762118 |
||